Optimalizácia nákladov pri premene primárnej energie biomasy na sekundárnu energiu (elektrický prúd) teplo, palivo bakalárska práca

Gespeichert in:
Bibliographische Detailangaben
1. Verfasser: Džado, Ján
Körperschaft: Podnikovohospodárska fakulta EU so sídlom v Košiciach. Katedra marketingu a obchodu
Weitere Verfasser: Polák, Matej
Format: Buch
Sprache:Slowakisch
Veröffentlicht: Košice 2010
Tags: Tag hinzufügen
Keine Tags, Fügen Sie das erste Tag hinzu!

MARC

LEADER 00000nbm a2200000 4500
001 0132754
005 20161109111441.1
041 0 |a slo 
044 |a SK 
245 1 0 |a Optimalizácia nákladov pri premene primárnej energie biomasy na sekundárnu energiu (elektrický prúd) teplo, palivo  |b bakalárska práca  |c Ján Džado ; školiteľ: Matej Polák 
264 1 |a Košice  |c 2010 
300 |a 62 s. 
100 1 |a Džado, Ján 
700 1 |a Polák, Matej 
710 2 |a Podnikovohospodárska fakulta EU so sídlom v Košiciach. Katedra marketingu a obchodu